Score 0/129 Timer 10:00
14 Plays Today
% Correct
Wolverine
95.1%
Magneto
91.2%
Professor X
91.1%
Beast
90.8%
Cyclops
90.8%
Storm
90.6%
Deadpool
90.2%
Jean
Grey
88.4%
Nightcrawler
87.2%
Mystique
86.6%
Rogue
85.9%
Gambit
85.5%
Juggernaut
85.4%
Angel
85.1%
Iceman
84.8%
Colossus
80.9%
Sabretooth
78.9%
Firestar
78%
Blob
77.8%
Jubilee
74.7%
Apocalypse
74%
Havok
73.7%
Emma
Frost
73.6%
Cable
73.6%
Sentinel
72.8%
Quicksilver
72.6%
Banshee
69.1%
Psylocke
68.6%
Kitty
Pryde
68.2%
Toad
67.4%
Pyro
66.3%
Bishop
65.1%
Mr. Sinister
64.2%
Domino
62.2%
Sunspot
60.7%
Cannonball
60.3%
X-23
60%
Polaris
59.5%
Namor
59.5%
Silver
Samurai
58.6%
Cloak
56.2%
Sebastian
Shaw
56.1%
Dagger
55.9%
% Correct
Omega
Red
55.7%
Lady Deathstrike
55.2%
Forge
54.9%
Warpath
53.2%
Sauron
52.1%
Blink
51.1%
Mojo
50.9%
Lockheed
50.8%
Longshot
50.6%
Magik
50.2%
Dazzler
50.1%
Avalanche
48.3%
X-Man
48.3%
Onslaught
46.7%
Madrox
46.5%
Thunderbird
46.4%
Pixie
46.1%
Leech
45%
Strong Guy
44.9%
Stryfe
43.4%
Wolfsbane
43.2%
Legion
42.9%
Caliban
41.9%
Deathlok
41.4%
Sunfire
41.3%
Siryn
41.3%
Shatterstar
40.9%
Mimic
40.7%
Arcade
40.6%
Callisto
40.5%
Beak
39.6%
Aurora
39.2%
Warlock
39%
Hope
38.9%
The Brood
38.9%
Spiral
38.3%
Doop
38.2%
Corsair
37.8%
Magma
37.7%
Armor
37.7%
Boom-
Boom
37.3%
Shard
36.9%
Selene
36.5%
% Correct
Moonstar
36.3%
Maverick
36.2%
Darwin
35.9%
Dust
35.5%
Marrow
35.4%
Xorn
35.1%
Sugar Man
35%
Chamber
34.9%
Fantomex
34.7%
Nimrod
34.7%
Lilandra
34.3%
Feral
34.2%
Danger
33.6%
Madelyne Pryor
32.9%
Deathbird
32.7%
Black Tom
Cassidy
32.7%
Karma
32.7%
Cypher
32.3%
Spyke
30.9%
Vertigo
30.6%
Joseph
30.2%
Mastermind
29.6%
Rockslide
29.4%
Hepzibah
28.6%
Forearm
28.4%
Rictor
27.1%
The Phalanx
26.5%
Artie
26.1%
Dr. Nemesis
25.8%
Elixir
24.8%
Mesmero
24.2%
Gideon
24.1%
Eric
the Red
23.8%
Exodus
23.5%
Random
22.9%
E.V.A.
22.7%
Anole
21.8%
Darkstar
20.3%
Raza
18.9%
Fabian
Cortez
18.6%
Amphibius
16.6%
Wildside
14.8%
Senyaka
13.7%
Remove Ads.
Support Sporcle.
Get the best of Sporcle when you Go Orange. This ad-free experience offers more features, more stats, and more fun while also helping to support Sporcle. Thank you for becoming a member.

You're not logged in!

Compare scores with friends on all Sporcle quizzes.
OR
Log In

Show Comments

Extras

Top Quizzes Today


Score Distribution

Your Account Isn't Verified!

In order to create a playlist on Sporcle, you need to verify the email address you used during registration. Go to your Sporcle Settings to finish the process.

Report this User

Report this user for behavior that violates our Community Guidelines.

Details: